Statistics for People by Madame Tussauds Wax Figure

Click here to take the quiz!

General Stats

  • This quiz has been taken 74 times
  • The average score is 12 of 16

Answer Stats

Answer% Correct
Barack Obama
97%
Johnny Depp
97%
Charlie Chaplin
92%
Marilyn Monroe
90%
Princess Diana
90%
Nelson Mandela
87%
Angela Merkel
83%
Mahatma Gandhi
83%
Rihanna
81%
Lady Gaga
70%
Pierce Brosnan
62%
Angelina Jolie
60%
John Wayne
56%
Kylie Minogue
46%
Heidi Klum
37%
Keira Knightley
32%

Score Distribution

Percentile by Number Answered

Percent of People with Each Score

Your Score History

You have not taken this quiz